000 01176nam a22003377a 4500
001 BR9001184
003 BR-BrBNA
005 20230928093406.0
007 ta
008 230509b bl.||||| |||| 00| 0 por d
040 _aBR-BrBNA
_bpor
_cBiblioteca Nacional de Agricultura
041 _a(Por)
072 _aH10; L20
_b0230
_b4020
_b7300
_b/G514
090 _ 0230 BR9001184
100 1 _aLima Filho, M.
110 1 _aEscola Superior de Agricultura Luiz de Queiroz, Piracicaba, SP (Brasil)
_0Tese (Mestrado)
245 1 _aQuantificacao de Apanteles flavipes (Cameron, 1891)em cana-de-acucar para controle de Diatraea spp.
246 1 _aQuantitativeness of Apanteles flavipes (Cameron, 1891)in sugar cane for the control of Diatraea spp.
260 3 _aPiracicaba, SP (Brasil):
_c1989.
300 _a107 p.
500 _aSummaries (Eng, Por); 40 tables; Bibliography p. 92-107 (90 ref.)
650 _aCANA DE ACUCAR
650 _aBROCA
650 _aCONTROLE BIOLOGICO
650 _aINSETO PARA CONTROLE BIOLOGICO
650 _aPARASITO
650 _aZONEAMENTO ECOLOGICO
650 _aRIO DE JANEIRO
909 _a202309
_bLucia
_c55
_dLucia Elande
942 _cBK
999 _c44725
_d44725